Concrete technology (Record no. 79727)

MARC details
000 -LEADER
fixed length control field 00822nam a2200181 a 4500
008 - FIXED-LENGTH DATA ELEMENTS--GENERAL INFORMATION
fixed length control field 120416s1983 ||||||||||||||||| || u
050 ## - LIBRARY OF CONGRESS CALL NUMBER
Classification number TA 681 Kri
100 ## - MAIN ENTRY--PERSONAL NAME
Personal name Krishnaswamy, K. T
245 10 - TITLE STATEMENT
Title Concrete technology
250 ## - EDITION STATEMENT
Edition statement 3rd ed.
260 ## - PUBLICATION, DISTRIBUTION, ETC.
Place of publication, distribution, etc. New Delhi
Name of publisher, distributor, etc. Dhanpat Rai
Date of publication, distribution, etc. 1983
300 ## - PHYSICAL DESCRIPTION
Extent (ii), 224p. : ill.
350 ## -
-- 0.00
700 ## - ADDED ENTRY--PERSONAL NAME
Personal name Khandekar, A. A
995 ## -
-- BINDERY (DAMAGED)
-- 0.00
-- 724428
-- CBU-MAIN LIBRARY (Kitwe)
-- 2
-- 20.00
-- TA 681 Kri
-- 3
-- DAMAGED
-- 013830
-- Main Library Open Access Collection
995 ## -
-- BINDERY (DAMAGED)
-- 0.00
-- 724427
-- CBU-MAIN LIBRARY (Kitwe)
-- 1
-- 20.00
-- TA 681 Kri
-- 2
-- DAMAGED
-- 013829
-- Main Library Open Access Collection
995 ## -
-- BINDERY (DAMAGED)
-- 0.00
-- 724426
-- CBU-MAIN LIBRARY (Kitwe)
-- 3
-- 20.00
-- TA 681 Kri
-- 1
-- DAMAGED
-- 013828
-- Main Library Open Access Collection
999 ## -
-- 79727
-- 79727
Holdings
Withdrawn status Lost status Source of classification or shelving scheme Damaged status Not for loan Permanent Location Current Location Shelving location Date acquired Total Checkouts Full call number Barcode Date last seen Copy number Price effective from Koha item type
          CBU-MAIN LIBRARY, KITWE. CBU-MAIN LIBRARY, KITWE.   06/29/2023   TA 681 Kri 013830 06/29/2023 1 06/29/2023 MONOGRAPH
          CBU-MAIN LIBRARY, KITWE. CBU-MAIN LIBRARY, KITWE.   06/29/2023   TA 681 Kri 013829 06/29/2023 2 06/29/2023 MONOGRAPH
          CBU-MAIN LIBRARY, KITWE. CBU-MAIN LIBRARY, KITWE.   06/29/2023   TA 681 Kri 013828 06/29/2023 3 06/29/2023 MONOGRAPH